000 01018nam0a22002291i 4500
001 rc\557353
005 20240726011852.0
035 _a(NLR Aleph) 005792777
090 _a5214389
_c5214389
100 _a20030616d1988 u |0rusy50 ca
101 0 _arus
102 _aRU
105 _ay |||||||||
200 1 _aМежнациональное общение в трудовом коллективе как фактор формирования духовного мира социалистической личности
_e(На прим. ЛитССР)
_eАвтореф. дис. на соиск. учен. степ. канд. филос. наук
_e(09.00.02)
_fБелорус. гос. ун-т им. В.И. Ленина
210 _aМинск
_d1988
215 _a19, [1] с.
320 _aБиблиогр.: с. 19-20 (6 назв.)
700 1 _aКамблявичене
_bС.В.
_gСигита Вайделутевна
801 0 _aRU
_bNLR
_gpsbo
801 1 _aRU
_bELAR
_2rusmarc
852 _aNLR
_jА88/3702
942 _cBOOK